Statistics for 1-syllable Answers Rhyme

Click here to take the quiz!

General Stats

  • This quiz has been taken 22 times
  • The average score is 9 of 21

Answer Stats

Hint Answer % Correct
Lunar Cutlerymoon spoon
90%
Labyrinth Hysteriamaze craze
85%
Red Flower; to Modelrose pose
80%
manager throwboss toss
80%
Earth Model; Gownglobe robe
75%
Penny Leasecent rent
65%
Freshwater Fish; Frowntrout pout
55%
Fury Trailwrath path
55%
Cinder Garbageash trash
55%
Tattle Sorcerersnitch witch
40%
Boundary Bushedge hedge
40%
Board Treasuryplank bank
35%
Ogre Feetroll toll
25%
area complaintzone moan
20%
Belief Phantomfaith wraith
20%
Burial Calamitytomb doom
15%
Origin Newtonssource force
15%
Drawing Scratchsketch etch
15%
Malleable Aurummold gold
10%
Foliage Estateleaf fief
10%
Turf Trudgesod plod
5%

Score Distribution

Percentile by Number Answered

Percent of People with Each Score

Your Score History

You have not taken this quiz